000 00570nam a2200193Ia 4500
001 23740
003 GE_BSU
008 181216s||||||||xx |||||||||||||| ||und||
040 _cGE_BSU
245 _aЖурнал российского права. №9(261). 2018
245 _cГл. ред. Хабриева Т. Я.
260 _aмосква
260 _c2018г
300 _a179 стр. 26 см.
653 _aЖурнал российского права. №9(261). 2018
653 _aПериодика
653 _aპერიოდიკა
942 _cCR
999 _c56619
_d56619